Dôvera amerických farmárov v družstvá spočíva v tom, že im slúžia
Na konkrétnych príkladoch z fariem na stredozápade USA dokumentovaný vývoj a súčasný stav poľnohospodárskych družstiev (napr. opravárske, elektrikárske, dobytkárske, mliekárske, kukuričiarske a pod.) a služieb, ktoré farmárom poskytujú; mnohé bezplatne. Riešenie štátnych dotácií hlavne cez bezplatné...
Guardado en:
| Autor principal: | |
|---|---|
| Formato: | Capítulo de libro |
| Lenguaje: | eslovaco |
| Materias: | |
| Etiquetas: |
Sin Etiquetas, Sea el primero en etiquetar este registro!
|
MARC
| LEADER | 00000naa a2200000 4500 | ||
|---|---|---|---|
| 001 | r024828 | ||
| 005 | 20221213114421.1 | ||
| 041 | 0 | |a slo | |
| 044 | |a SK | ||
| 245 | 1 | 0 | |a Dôvera amerických farmárov v družstvá spočíva v tom, že im slúžia |c Jaroslav Janků |
| 520 | |a Na konkrétnych príkladoch z fariem na stredozápade USA dokumentovaný vývoj a súčasný stav poľnohospodárskych družstiev (napr. opravárske, elektrikárske, dobytkárske, mliekárske, kukuričiarske a pod.) a služieb, ktoré farmárom poskytujú; mnohé bezplatne. Riešenie štátnych dotácií hlavne cez bezplatné poradenstvo, informácie k výrobe a predaju, objektívne ekonomické informácie a analýzy na trhu poľnohospodárskych výrobkov v USA a vo svete, ktoré spracúva Economic Research Servis ministerstva poľnohospodárstva USA už od r.1839. Rodinné farmy chrbticou poľnohospodárstva. Farmárčenie ako koníček. | ||
| 610 | 2 | 0 | |a družstvá výrobné poľnohospodárske |
| 610 | 2 | 0 | |a USA |
| 610 | 2 | 0 | |a farmy |
| 610 | 2 | 0 | |a farmy rodinné |
| 610 | 2 | 0 | |a dotácie |
| 610 | 2 | 0 | |a poradenstvo |
| 610 | 2 | 0 | |a štát |
| 610 | 2 | 0 | |a trh |
| 610 | 2 | 0 | |a ceny |
| 610 | 2 | 0 | |a informácie ekonomické |
| 610 | 2 | 0 | |a Economic Research Servis |
| 100 | 1 | |a Janků, Jaroslav | |